Easiest Quiz on Bodies of Water - Statistics

General Stats
  • This quiz has been taken 33 times
  • The average score is 20 of 21
Answer Stats
Hint Answer % Correct
Lake Ontario Canada
100%
Lake Chad Chad
100%
South China Sea China
100%
East China Sea China
100%
Indian Ocean India
100%
Sea of Japan Japan
100%
Gulf of Mexico Mexico
100%
Lake Nicaragua Nicaragua
100%
Niger River Niger
100%
Gulf of Oman Oman
100%
Philippine Sea Philippines
100%
Congo River Rep. of the Congo
100%
English Channel United Kingdom
100%
Lake Michigan United States
100%
Persian Gulf Iran
97%
Lake Malawi Malawi
97%
Tasman Sea Australia
90%
Bay of Bengal Bangladesh
90%
Baffin Bay Canada
87%
Indus River India
87%
Lake Tanganyika Tanzania
71%
No matching quizzes found
Score Distribution
Percent of People with Each Score
Percentile by Number Answered
Your Score History
You have not taken this quiz